000 00479nam a2200169Ia 4500
003 GCL
008 140319s9999 xx 000 0 eng d
040 _aGCL /
_cGCL
082 0 4 _a723.3
_bE A
100 1 _aETTINGHAUSEN, RICHARD
245 1 0 _aTHE ART AND ARCHITECTURE OF ISLAM 650-1250 /
_cETTINGHAUSEN, RICHARD
260 _a[S.N] :
_bYALE UNIVERSITY PRESS ،
_c1994
300 _a448
650 0 4 _aISLAM - ARCHITECTURE 650-1250
650 0 4 _aISLAM - ARTS
942 _2ddc
_cBK
999 _c25334
_d25334